000 01076nam a22003377a 4500
001 BR0105005
003 BR-BrBNA
005 20230928100953.0
007 ta
008 230509b bl.||||| |||| 00| 0 por d
040 _aBR-BrBNA
_bpor
_cBiblioteca Nacional de Agricultura
041 _a(Por)
072 _aF02; F30
_b1112
_b5130
090 _ 1112 BR0105005
100 1 _aSendin, A.P.P.M.
110 1 _aEscola Superior de Agricultura Luiz de Queiroz, Piracicaba, SP (Brasil)
_0Tese (Mestre em Agronomia)
245 1 _aMicropropagacao de bananeira dos cultivares Maca e Grande Naine visando producao de mudas de baixo custo
260 3 _aPiracicaba, SP (Brasil):
_c2001.
300 _a72 p.
500 _aSummaries (Eng, Por); Bibliography p. 46-54; 29 tables; 6 illus.
650 _aBanana
650 _aMuda
650 _aVariedade Resistente
650 _aCultura in Vitro
650 _aRadiacao Luminosa
650 _aTemperatura
650 _aVariacao Clonal
650 _aCusto de Producao
909 _a202309
_bLucia
_c55
_dLucia Elande
942 _cBK
999 _c63652
_d63652